Príprava organociničitých karboxylátov a kovových solí karboxylových kyselín

Podrobná bibliografia
Hlavní autori: Kizlink, Juraj (Autor), Kalamár, Július (Autor), Rattay, Vladimír (Autor)
Médium: Článok
Jazyk:slovenčina
Fyzický popis:Tb. 2., lit. 43 zázn. v češ., ruš., nem., angl., jap.
Predmet:

MARC

LEADER 00000nab a2200000 a 4500
001 vtls000268039
003 SK-MaSNL
005 20260304074043.0
008 250422c1986 xo 0 slo
015 |a SNBRB19rr/mm-uuuuu 
035 |a CL0278153 
035 |a urn:nbn:sk:snk-abanm0 
035 |a (urnnbn)urn:nbn:sk:snk:ar-a0a3hb 
035 |a (uuid)0b5a31d2-9493-423d-a73f-42953d677e71 
040 |a SNKBUCL  |b slo  |c SNKBUCL  |e AACR2 
041 0 |a slo 
044 |a xo  |c SK 
080 |a 547.298  |2 1981 
080 |a 661.73  |2 1981 
100 1 |a Kizlink, Juraj  |4 aut  |9 778333 
245 1 0 |a Príprava organociničitých karboxylátov a kovových solí karboxylových kyselín  |c Juraj Kizlink, Július Kalamár, Vladimír Rattay 
300 |b Tb. 2., lit. 43 zázn. v češ., ruš., nem., angl., jap. 
650 0 7 |a karboxylové kyseliny  |2 snkbucl  |9 50660 
650 0 7 |a soli kovové  |2 snkbucl  |9 1346782 
650 0 7 |a karboxyláty organociničité  |2 snkbucl  |9 1363258 
655 7 |a články z novín a časopisov  |2 snkbucl  |9 267496 
700 1 |a Kalamár, Július  |4 aut  |9 558876 
700 1 |a Rattay, Vladimír  |4 aut  |9 1206873 
773 0 |t Ropa a uhlie  |g Roč. 28, č. 11 (1986), s. 653-656 
850 |a Slovenská národná knižnica 
852 |a Slovenská národná knižnica 
958 |a article14 
958 |a OND 
958 |a NB 
958 |a RK 
958 |a EUIPO 
992 |a RBX 
999 |c 2774436  |d 2776366